000
00294nam a22001337a 4500
008
170201b xxu||||| |||| 00| 0 eng d
020
_a
0891167463
041
_a
eng
080
_2
2ED
_a
61
100
_a
3
101
_a
SHM
245
_a
DYING FACING THE FACTS
_c
BERARDO .F.M
942
_2
udc
_c
BK
999
_c
4188
_d
4188